[Event "13th PKWN Festival it"]
[Site "Lublin POL"]
[Date "1977.07.??"]
[Round "7"]
[White "Lipski, Tadeusz"]
[WhiteElo "2325"]
[Black "Savon, Vladimir"]
[BlackElo "2540"]
[Result "1/2-1/2"]
[EventDate "1977.07.14"]
[PlyCount "23"]

1.d4 Nf6 2.Nc3 d5 3.Bg5 Nbd7 4.Nf3 h6 5.Bh4 e6 6.e4 dxe4 7.Nxe4 Be7 8.
Nxf6+ Bxf6 9.Bxf6 Qxf6 10.Qd2 O-O 11.O-O-O e5 12.dxe5 1/2-1/2

[Event "13th PKWN Festival it"]
[Site "Lublin POL"]
[Date "1977.07.??"]
[Round "7"]
[White "Marszalek, Rafal"]
[WhiteElo "2335"]
[Black "Witkowski, Stefan"]
[BlackElo "2340"]
[Result "1/2-1/2"]
[EventDate "1977.07.14"]
[PlyCount "34"]

1.c4 e5 2.Nc3 Nf6 3.Nf3 e4 4.Ng5 b5 5.b3 b4 6.Na4 d5 7.d3 Ng4 8.Nh3 e3 9.
Bxe3 Nxe3 10.fxe3 dxc4 11.bxc4 Bxh3 12.gxh3 Qg5 13.Kd2 Na6 14.h4 Qg4 15.h3
Qg6 16.h5 Qxh5 17.Bg2 Rb8 1/2-1/2

[Event "13th PKWN Festival it"]
[Site "Lublin POL"]
[Date "1977.07.??"]
[Round "7"]
[White "Martinovic, Slobodan"]
[WhiteElo "2415"]
[Black "Zinn, Lothar"]
[BlackElo "2365"]
[Result "0-1"]
[EventDate "1977.07.14"]
[PlyCount "86"]

1.e4 c5 2.Nf3 Nc6 3.d4 cxd4 4.Nxd4 Nf6 5.Nc3 e5 6.Ndb5 d6 7.Bg5 a6 8.Na3
b5 9.Nab1 Be7 10.Bxf6 Bxf6 11.a4 b4 12.Nd5 O-O 13.h4 Be6 14.Bc4 Bxd5 15.
Bxd5 Rc8 16.g3 Ne7 17.Bb7 Rc7 18.Bxa6 d5 19.Nd2 dxe4 20.Nxe4 Qxd1+ 21.Kxd1
Rd8+ 22.Kc1 Nc6 23.b3 Be7 24.Rd1 Ra8 25.Bc4 Na5 26.Bd5 Rac8 27.Rd2 Kf8 28.
Ng5 Bc5 29.Nxh7+ Ke7 30.Ng5 Bd4 31.Rb1 Bc3 32.Re2 Rd8 33.Be4 Rcd7 34.Bd3
g6 35.g4 f5 36.gxf5 gxf5 37.f3 Rd4 38.Rh2 Rh8 39.h5 Rg8 40.Rg2 Rh4 41.Rg1
Rxg5 42.Rf1 Rhxh5 43.Kd1 Rh2 0-1

[Event "13th PKWN Festival it"]
[Site "Lublin POL"]
[Date "1977.07.??"]
[Round "7"]
[White "Sznapik, Aleksander"]
[WhiteElo "2405"]
[Black "Antunac, Goran"]
[BlackElo "2450"]
[Result "1-0"]
[EventDate "1977.07.14"]
[PlyCount "43"]

1.e4 d6 2.d4 Nf6 3.Nc3 g6 4.f4 Bg7 5.Nf3 c5 6.dxc5 Qa5 7.Bd3 Qxc5 8.Qe2
O-O 9.Be3 Qc7 10.O-O Bg4 11.Rae1 Nbd7 12.Kh1 a6 13.Qf2 Bxf3 14.Qxf3 b5 15.
a3 Rac8 16.Qh3 Nb6 17.Bxb6 Qxb6 18.e5 Nh5 19.Nd5 Qb7 20.Be4 Kh8 21.g4 Rc4
22.Bg2 1-0

[Event "13th PKWN Festival it"]
[Site "Lublin POL"]
[Date "1977.07.??"]
[Round "8"]
[White "Antunac, Goran"]
[WhiteElo "2450"]
[Black "Castro Rojas, Oscar Humberto"]
[BlackElo "2410"]
[Result "1-0"]
[EventDate "1977.07.14"]
[PlyCount "83"]

1.d4 f5 2.g3 Nf6 3.Bg2 e6 4.Nd2 d5 5.Nh3 Bd6 6.Nf3 Nbd7 7.Nf4 Qe7 8.O-O
O-O 9.Nd3 Ne4 10.Bf4 b6 11.Nfe5 g5 12.Nxd7 Qxd7 13.Be5 Ba6 14.Qc1 h6 15.b3
Rac8 16.f3 Bxd3 17.cxd3 Bxe5 18.dxe5 Nc5 19.f4 g4 20.Qc2 a5 21.e4 Rcd8 22.
exd5 exd5 23.d4 Ne6 24.Rfd1 Rc8 25.Rac1 c6 26.Qd3 Qb7 27.h3 gxh3 28.Bxh3
Qf7 29.Bg2 Rc7 30.Kf2 Kg7 31.Bf3 Qe7 32.Rh1 Qb4 33.Qc3 Rd8 34.Qxb4 axb4
35.Rhd1 c5 36.dxc5 Nxc5 37.Ke2 d4 38.Rc4 Ne6 39.Rxb4 Rc3 40.Rxb6 Re3+ 41.
Kf2 Rc8 42.Rd2 1-0

[Event "13th PKWN Festival it"]
[Site "Lublin POL"]
[Date "1977.07.??"]
[Round "8"]
[White "Marszalek, Rafal"]
[WhiteElo "2335"]
[Black "Lipski, Tadeusz"]
[BlackElo "2325"]
[Result "1/2-1/2"]
[EventDate "1977.07.14"]
[PlyCount "187"]

1.d4 d5 2.c4 Bf5 3.cxd5 Bxb1 4.Qa4+ c6 5.dxc6 Nxc6 6.Rxb1 e5 7.a3 Qd5 8.
Bd2 exd4 9.Rc1 Nf6 10.Nf3 Ne4 11.Qc4 Qf5 12.g3 Be7 13.Bg2 O-O 14.O-O Rfd8
15.Qd3 Qe6 16.Rfd1 Rac8 17.Bf4 f5 18.h4 g6 19.Qc4 Kf7 20.Qxe6+ Kxe6 21.Ne1
Rd7 22.Nd3 Rh8 23.Bh6 Bd6 24.Bf4 Be7 25.Rc4 h6 26.Bxe4 fxe4 27.Nc5+ Bxc5
28.Rxc5 Rd5 29.Rxd5 Kxd5 30.b4 a6 31.Kf1 Rh7 32.Rc1 b6 33.Bd2 h5 34.a4 Rf7
35.Ke1 Re7 36.a5 bxa5 37.Rc5+ Kd6 38.Bf4+ Kd7 39.bxa5 Re6 40.Rd5+ Kc8 41.
Rg5 Nb4 42.Kd2 Nc6 43.Rc5 Kd7 44.Rd5+ Kc8 45.f3 exf3 46.exf3 Rf6 47.Rg5
Ne7 48.Re5 Nc6 49.Rd5 Rf5 50.Rd6 Kb7 51.Rxg6 Rxa5 52.Rg7+ Ka8 53.Rg5 Ra3
54.Rxh5 Nb4 55.Rh8+ Ka7 56.Rd8 Ra2+ 57.Kc1 Nd3+ 58.Kb1 Rb2+ 59.Ka1 Rg2 60.
Rxd4 Nxf4 61.Rxf4 Rxg3 62.Kb2 Kb6 63.Kc3 Kc5 64.Rf5+ Kd6 65.Kd4 Ke6 66.Ke4
Rh3 67.Rh5 Kf6 68.Kf4 Rh1 69.Kg3 Rg1+ 70.Kf2 Ra1 71.Rc5 a5 72.Kg3 a4 73.
Kg4 a3 74.Ra5 a2 75.Kf4 Kf7 76.Ra6 Kg7 77.h5 Rh1 78.Rxa2 Rxh5 79.Ra6 Rb5
80.Kg4 Kf7 81.f4 Rc5 82.Rh6 Ra5 83.Rh7+ Kf6 84.Rh8 Kf7 85.f5 Rb5 86.Kg5
Rb6 87.Rh7+ Kf8 88.Ra7 Rc6 89.Ra5 Kf7 90.Rd5 Ra6 91.Rd7+ Kf8 92.Kf4 Rb6
93.Ke5 Ra6 94.Rd6 1/2-1/2

[Event "13th PKWN Festival it"]
[Site "Lublin POL"]
[Date "1977.07.??"]
[Round "8"]
[White "Panchenko, Alexander"]
[WhiteElo "2435"]
[Black "Lebredo Zaragoitia, Gerardo"]
[BlackElo "2385"]
[Result "1-0"]
[EventDate "1977.07.14"]
[PlyCount "79"]

1.e4 e6 2.d4 d5 3.Nc3 Bb4 4.e5 Qd7 5.a3 Bxc3+ 6.bxc3 b6 7.Qg4 f5 8.Qg3 Ba6
9.Bxa6 Nxa6 10.a4 Nb8 11.a5 Nc6 12.axb6 cxb6 13.Ne2 Na5 14.Nf4 Kf7 15.Qg5
Ne7 16.Qh5+ Kg8 17.h4 Ng6 18.Nxg6 hxg6 19.Qxg6 Qf7 20.Qg5 Qh5 21.Qxh5 Rxh5
22.f3 g6 23.g4 Rh7 24.Ke2 Rc8 25.Bd2 fxg4 26.fxg4 Rf7 27.h5 gxh5 28.Rxh5
Rh7 29.Rxh7 Kxh7 30.Rf1 Kg7 31.Rf6 Rh8 32.Bf4 Rh3 33.Rxe6 Rxc3 34.Rd6
Rxc2+ 35.Kd3 Rg2 36.Rxd5 Rxg4 37.Ke4 Nc4 38.Kf5 Rg1 39.Rd7+ Kg8 40.e6 1-0

[Event "13th PKWN Festival it"]
[Site "Lublin POL"]
[Date "1977.07.??"]
[Round "8"]
[White "Sydor, Andrzej"]
[WhiteElo "2425"]
[Black "Radev, Nikolai"]
[BlackElo "2430"]
[Result "1/2-1/2"]
[EventDate "1977.07.14"]
[PlyCount "66"]

1.d4 Nf6 2.Nf3 g6 3.g3 Bg7 4.Bg2 O-O 5.O-O d5 6.c4 dxc4 7.Na3 c3 8.bxc3 c5
9.Ne5 cxd4 10.cxd4 Nbd7 11.Nac4 Nxe5 12.Nxe5 Nd7 13.Nxd7 Qxd7 14.e3 Rb8
15.Ba3 b6 16.Rc1 Bb7 17.Qb3 Bxg2 18.Kxg2 Rfc8 19.d5 a5 20.e4 Rxc1 21.Rxc1
b5 22.Rc6 b4 23.Bc1 h5 24.Bf4 Rb7 25.h4 Kh7 26.Qa4 b3 27.axb3 Rb4 28.Qxa5
Rxe4 29.Rc4 Re2 30.Qc5 Rb2 31.b4 Qb7 32.Re4 Bf6 33.Qc6 Rxb4 1/2-1/2

[Event "13th PKWN Festival it"]
[Site "Lublin POL"]
[Date "1977.07.??"]
[Round "9"]
[White "Castro Rojas, Oscar Humberto"]
[WhiteElo "2410"]
[Black "Zinn, Lothar"]
[BlackElo "2365"]
[Result "1-0"]
[EventDate "1977.07.14"]
[PlyCount "26"]

1.e4 c5 2.c3 d5 3.exd5 Qxd5 4.d4 Nc6 5.dxc5 Qxc5 6.Be3 Qf5 7.Na3 a6 8.Bd3
Qg4 9.Nf3 e5 10.h3 Qxg2 11.Rh2 Qxh2 12.Nxh2 Bxa3 13.bxa3 Bxh3 1-0

[Event "13th PKWN Festival it"]
[Site "Lublin POL"]
[Date "1977.07.??"]
[Round "9"]
[White "Lebredo Zaragoitia, Gerardo"]
[WhiteElo "2385"]
[Black "Antunac, Goran"]
[BlackElo "2450"]
[Result "0-1"]
[EventDate "1977.07.14"]
[PlyCount "57"]

1.Nf3 c5 2.g3 d5 3.Bg2 Nc6 4.d4 Nf6 5.O-O Bg4 6.Ne5 cxd4 7.Nxg4 Nxg4 8.e3
Nf6 9.exd4 e6 10.c3 Be7 11.Nd2 O-O 12.a4 Rc8 13.Re1 Ne8 14.Bf1 Nd6 15.Bd3
Bf6 16.Nf3 Nc4 17.b3 Nd6 18.h4 Na5 19.b4 Nc6 20.Bf4 Ne7 21.Rc1 Ng6 22.Bg5
Re8 23.Bxf6 Qxf6 24.Ne5 Nf8 25.Re3 Rc7 26.Bb1 Rec8 27.Qh5 Qe7 28.Nf3 Nc4
29.Re2 0-1

[Event "13th PKWN Festival it"]
[Site "Lublin POL"]
[Date "1977.07.??"]
[Round "9"]
[White "Lipski, Tadeusz"]
[WhiteElo "2325"]
[Black "Witkowski, Stefan"]
[BlackElo "2340"]
[Result "0-1"]
[EventDate "1977.07.14"]
[PlyCount "67"]

1.c4 Nf6 2.Nc3 c5 3.g3 d5 4.cxd5 Nxd5 5.Bg2 Nc7 6.Nf3 Nc6 7.Qa4 Bd7 8.Qe4
g6 9.Ne5 Bg7 10.Nxd7 Qxd7 11.h4 O-O 12.h5 Qd4 13.hxg6 hxg6 14.e3 Qd7 15.
Qh4 Rfd8 16.d4 cxd4 17.exd4 Qxd4 18.Qh7+ Kf8 19.Be3 Qe5 20.O-O Ne8 21.Ne4
Nf6 22.Nxf6 Qxf6 23.b4 Rd7 24.Rab1 Rad8 25.a4 Nd4 26.Qh1 b6 27.b5 Qf5 28.
Rfe1 Kg8 29.Be4 Qg4 30.Kf1 Qe6 31.Rb4 Nf5 32.Bc6 Nxe3+ 33.fxe3 Rd1 34.Rb1
0-1

[Event "13th PKWN Festival it"]
[Site "Lublin POL"]
[Date "1977.07.??"]
[Round "9"]
[White "Martinovic, Slobodan"]
[WhiteElo "2415"]
[Black "Marszalek, Rafal"]
[BlackElo "2335"]
[Result "1-0"]
[EventDate "1977.07.14"]
[PlyCount "63"]

1.e4 e6 2.d3 d5 3.Nd2 Nf6 4.Ngf3 Nc6 5.Be2 Bc5 6.O-O dxe4 7.dxe4 e5 8.c3
a5 9.a4 O-O 10.Qc2 Qe7 11.Nc4 h6 12.Ne3 Be6 13.Bb5 Ng4 14.Nc4 Na7 15.Ncxe5
Nxe5 16.Nxe5 Nxb5 17.axb5 Bd6 18.Nd3 Bc4 19.Re1 Rfd8 20.e5 Bc5 21.Nf4 Bxb5
22.e6 Bc6 23.Qf5 Bd6 24.Nh5 fxe6 25.Qg4 Kh7 26.Rxe6 Qf7 27.Nxg7 Qxg7 28.
Qf5+ Kh8 29.Rxh6+ Kg8 30.Qe6+ Kf8 31.Rg6 Qh8 32.Bh6+ 1-0

[Event "13th PKWN Festival it"]
[Site "Lublin POL"]
[Date "1977.07.??"]
[Round "9"]
[White "Radev, Nikolai"]
[WhiteElo "2430"]
[Black "Panchenko, Alexander"]
[BlackElo "2435"]
[Result "1/2-1/2"]
[EventDate "1977.07.14"]
[PlyCount "32"]

1.e4 e6 2.d4 d5 3.exd5 exd5 4.Bd3 Bd6 5.Nf3 Nf6 6.O-O O-O 7.Bg5 Bg4 8.Nbd2
Nbd7 9.c4 c6 10.h3 Bh5 11.cxd5 cxd5 12.Qb3 Qb6 13.Qxb6 axb6 14.a3 Bg6 15.
Bxg6 hxg6 16.Rac1 Rac8 1/2-1/2

[Event "13th PKWN Festival it"]
[Site "Lublin POL"]
[Date "1977.07.??"]
[Round "9"]
[White "Sznapik, Aleksander"]
[WhiteElo "2405"]
[Black "Savon, Vladimir"]
[BlackElo "2540"]
[Result "0-1"]
[EventDate "1977.07.14"]
[PlyCount "52"]

1.e4 c5 2.Nf3 d6 3.d4 cxd4 4.Nxd4 Nf6 5.Nc3 a6 6.Be2 e5 7.Nb3 Be7 8.O-O
O-O 9.a4 Be6 10.f4 Nbd7 11.Be3 Rc8 12.Bf3 exf4 13.Bxf4 Ne5 14.Kh1 Nfd7 15.
Nd4 Qb6 16.Nf5 Rfe8 17.Rb1 Bf8 18.Be2 Qb4 19.Ne3 Nb6 20.a5 Qxa5 21.b4 Qa3
22.Ncd5 Nxd5 23.exd5 Bd7 24.Rb3 Qa2 25.Bxe5 Rxe5 26.Nc4 Re7 0-1

[Event "13th PKWN Festival it"]
[Site "Lublin POL"]
[Date "1977.07.??"]
[Round "10"]
[White "Antunac, Goran"]
[WhiteElo "2450"]
[Black "Radev, Nikolai"]
[BlackElo "2430"]
[Result "1/2-1/2"]
[EventDate "1977.07.14"]
[PlyCount "20"]

1.d4 d5 2.c4 e6 3.Nc3 Nf6 4.Bg5 Be7 5.Nf3 O-O 6.e3 c6 7.cxd5 exd5 8.Qc2
Nbd7 9.Bd3 Re8 10.O-O Nf8 1/2-1/2

[Event "13th PKWN Festival it"]
[Site "Lublin POL"]
[Date "1977.07.??"]
[Round "10"]
[White "Marszalek, Rafal"]
[WhiteElo "2335"]
[Black "Sznapik, Aleksander"]
[BlackElo "2405"]
[Result "0-1"]
[EventDate "1977.07.14"]
[PlyCount "69"]

1.Nf3 Nf6 2.g3 g6 3.b3 Bg7 4.Bb2 O-O 5.Bg2 d6 6.d4 Bg4 7.h3 Bxf3 8.Bxf3 c6
9.Qd2 Nbd7 10.Nc3 Qc7 11.O-O-O a5 12.g4 e6 13.e4 Rfc8 14.g5 Ne8 15.Bg4 a4
16.Kb1 d5 17.f3 b5 18.h4 Nb6 19.h5 b4 20.Ne2 Qa7 21.hxg6 hxg6 22.Ba1 axb3
23.axb3 Nd6 24.Nf4 Nbc4 25.Qh2 Na3+ 26.Kc1 c5 27.Qh7+ Kf8 28.Bxe6 cxd4 29.
Kd2 Ne8 30.Bxf7 Kxf7 31.Nxg6 Rxc2+ 32.Ke1 Qc7 33.f4 Nb5 34.Ne5+ Ke7 35.Qg8
0-1

[Event "13th PKWN Festival it"]
[Site "Lublin POL"]
[Date "1977.07.??"]
[Round "10"]
[White "Panchenko, Alexander"]
[WhiteElo "2435"]
[Black "Doda, Zbigniew"]
[BlackElo "2375"]
[Result "1/2-1/2"]
[EventDate "1977.07.14"]
[PlyCount "23"]

1.Nf3 c5 2.c4 g6 3.d4 Bg7 4.e4 Qa5+ 5.Nc3 d6 6.dxc5 Bxc3+ 7.bxc3 Nf6 8.
cxd6 Nc6 9.Bd2 Nxe4 10.dxe7 Qb6 11.Be3 Qa5 12.Bd2 1/2-1/2

[Event "13th PKWN Festival it"]
[Site "Lublin POL"]
[Date "1977.07.??"]
[Round "10"]
[White "Savon, Vladimir"]
[WhiteElo "2540"]
[Black "Castro Rojas, Oscar Humberto"]
[BlackElo "2410"]
[Result "1-0"]
[EventDate "1977.07.14"]
[PlyCount "50"]

1.e4 Nc6 2.Nf3 d6 3.d4 Bg4 4.c3 e5 5.Bb5 Ne7 6.O-O a6 7.Ba4 Ng6 8.d5 b5 9.
Bc2 Nce7 10.h3 Bd7 11.a4 f6 12.axb5 axb5 13.Rxa8 Qxa8 14.Na3 Qb7 15.Bd3
Nc8 16.Qb3 Na7 17.Be3 Be7 18.Bxa7 Qxa7 19.Bxb5 Bxb5 20.Qxb5+ Kf7 21.g3 Rb8
22.Qe2 Bf8 23.Ra1 Qb7 24.Nc4 Kg8 25.b4 f5 1-0

[Event "13th PKWN Festival it"]
[Site "Lublin POL"]
[Date "1977.07.??"]
[Round "10"]
[White "Witkowski, Stefan"]
[WhiteElo "2340"]
[Black "Sydor, Andrzej"]
[BlackElo "2425"]
[Result "1/2-1/2"]
[EventDate "1977.07.14"]
[PlyCount "32"]

1.Nf3 Nf6 2.d4 e6 3.Bf4 c5 4.e3 b6 5.c3 Bb7 6.Nbd2 d6 7.h3 Be7 8.Be2 Nbd7
9.O-O Ne4 10.Nxe4 Bxe4 11.Bd3 Bxd3 12.Qxd3 O-O 13.Bh2 d5 14.Ne5 Nxe5 15.
Bxe5 Bd6 16.Bxd6 Qxd6 1/2-1/2

[Event "13th PKWN Festival it"]
[Site "Lublin POL"]
[Date "1977.07.??"]
[Round "11"]
[White "Castro Rojas, Oscar Humberto"]
[WhiteElo "2410"]
[Black "Marszalek, Rafal"]
[BlackElo "2335"]
[Result "1-0"]
[EventDate "1977.07.14"]
[PlyCount "88"]

1.e4 e6 2.d3 d5 3.Nd2 Nf6 4.Ngf3 Nc6 5.c3 a5 6.e5 Nd7 7.d4 f6 8.Bb5 fxe5
9.dxe5 Be7 10.Bxc6 bxc6 11.Nd4 Nb8 12.Qg4 O-O 13.N2f3 Qe8 14.h4 c5 15.Ne2
Nc6 16.Rh3 Rf5 17.Bh6 Bf8 18.Ng3 Rxf3 19.Qxf3 Nxe5 20.Qe2 Nf7 21.Bxg7 Bxg7
22.Nh5 Bh8 23.Rg3+ Kf8 24.Qd3 Qa4 25.Qxh7 Qe4+ 26.Qxe4 dxe4 27.O-O-O Be5
28.f4 exf3 29.Rxf3 Bb7 30.Rf2 Ke7 31.Re1 Bh8 32.g4 e5 33.Nf4 Rg8 34.g5 e4
35.Nd3 c4 36.Nc5 Ne5 37.Rd2 Nf3 38.Rd7+ Ke8 39.Red1 Ne5 40.Rd8+ Kf7 41.
Rf1+ Nf3 42.Rxg8 Kxg8 43.Nxb7 Be5 44.Nxa5 e3 1-0

[Event "13th PKWN Festival it"]
[Site "Lublin POL"]
[Date "1977.07.??"]
[Round "11"]
[White "Doda, Zbigniew"]
[WhiteElo "2375"]
[Black "Antunac, Goran"]
[BlackElo "2450"]
[Result "1/2-1/2"]
[EventDate "1977.07.14"]
[PlyCount "22"]

1.d4 Nf6 2.Nf3 e6 3.Bg5 d5 4.Nbd2 Be7 5.c3 h6 6.Bxf6 Bxf6 7.e4 dxe4 8.Nxe4
Nd7 9.Bd3 b6 10.O-O Bb7 11.Qe2 O-O 1/2-1/2

[Event "13th PKWN Festival it"]
[Site "Lublin POL"]
[Date "1977.07.??"]
[Round "11"]
[White "Lebredo Zaragoitia, Gerardo"]
[WhiteElo "2385"]
[Black "Savon, Vladimir"]
[BlackElo "2540"]
[Result "0-1"]
[EventDate "1977.07.14"]
[PlyCount "51"]

1.Nf3 Nf6 2.g3 d5 3.Bg2 c6 4.O-O Bg4 5.d3 e6 6.Nbd2 Be7 7.Qe1 Nbd7 8.e4
O-O 9.e5 Ne8 10.h3 Bh5 11.Nh2 Qb6 12.Kh1 Nc7 13.f4 f6 14.g4 Bg6 15.exf6
Bxf6 16.Nb3 Rae8 17.Be3 Qa6 18.a4 Bxb2 19.Ra2 Bf6 20.Bc5 Be7 21.Bxe7 Rxe7
22.f5 Be8 23.Qb4 c5 24.Nxc5 Qd6 25.Na6 Qxb4 26.Nxb4 0-1

[Event "13th PKWN Festival it"]
[Site "Lublin POL"]
[Date "1977.07.??"]
[Round "11"]
[White "Martinovic, Slobodan"]
[WhiteElo "2415"]
[Black "Witkowski, Stefan"]
[BlackElo "2340"]
[Result "1/2-1/2"]
[EventDate "1977.07.14"]
[PlyCount "28"]

1.e4 c5 2.Nf3 Nc6 3.d4 cxd4 4.Nxd4 Nf6 5.Nc3 e6 6.Ndb5 Bb4 7.a3 Bxc3+ 8.
Nxc3 d5 9.exd5 exd5 10.Bd3 d4 11.Qe2+ Qe7 12.Qxe7+ Kxe7 13.Ne4 Nxe4 14.
Bxe4 f6 1/2-1/2

[Event "13th PKWN Festival it"]
[Site "Lublin POL"]
[Date "1977.07.??"]
[Round "11"]
[White "Radev, Nikolai"]
[WhiteElo "2430"]
[Black "Zinn, Lothar"]
[BlackElo "2365"]
[Result "1-0"]
[EventDate "1977.07.14"]
[PlyCount "41"]

1.e4 c5 2.c3 e6 3.d4 d5 4.e5 Nc6 5.Nf3 Qb6 6.Be2 Bd7 7.O-O f5 8.dxc5 Bxc5
9.b4 Be7 10.a3 Qc7 11.c4 dxc4 12.Bxc4 Nxb4 13.Qb3 Nd5 14.Bb2 Qb6 15.Qa2
Rc8 16.Nbd2 Bc5 17.Bxd5 exd5 18.e6 Bb5 19.Bxg7 Bxf1 20.Rxf1 Nh6 21.Bxh6
1-0

[Event "13th PKWN Festival it"]
[Site "Lublin POL"]
[Date "1977.07.??"]
[Round "11"]
[White "Sydor, Andrzej"]
[WhiteElo "2425"]
[Black "Panchenko, Alexander"]
[BlackElo "2435"]
[Result "1/2-1/2"]
[EventDate "1977.07.14"]
[PlyCount "30"]

1.e4 e6 2.d4 d5 3.Nc3 Nf6 4.Bg5 dxe4 5.Nxe4 Be7 6.Bxf6 Bxf6 7.Nf3 Nd7 8.
Bd3 O-O 9.O-O e5 10.Nxf6+ Qxf6 11.dxe5 Nxe5 12.Nxe5 Qxe5 13.c3 Bf5 14.Re1
Qf6 15.Bxf5 Qxf5 1/2-1/2

[Event "13th PKWN Festival it"]
[Site "Lublin POL"]
[Date "1977.07.??"]
[Round "11"]
[White "Sznapik, Aleksander"]
[WhiteElo "2405"]
[Black "Lipski, Tadeusz"]
[BlackElo "2325"]
[Result "1/2-1/2"]
[EventDate "1977.07.14"]
[PlyCount "128"]

1.Nf3 Nf6 2.c4 g6 3.b3 d5 4.cxd5 Bg7 5.Bb2 O-O 6.g3 b6 7.d3 Bb7 8.Bg2 Bxd5
9.O-O Nbd7 10.Nbd2 c5 11.a3 Qc7 12.Rc1 Qb7 13.b4 a6 14.Nc4 Rfd8 15.Ne3 Bc6
16.Qb3 Bh6 17.Qc4 Rac8 18.Qh4 Bg7 19.Rc4 a5 20.Ng4 axb4 21.axb4 Nxg4 22.
Bxg7 Kxg7 23.Rxg4 b5 24.bxc5 Nxc5 25.Ng5 h6 26.Bxc6 Qxc6 27.Nf3 Qb7 28.Rd4
Ne6 29.Rxd8 Rxd8 30.Rb1 Rd5 31.Qe4 Ng5 32.Nxg5 hxg5 33.Rb4 Qd7 34.Kg2 f5
35.Qe3 g4 36.Qb6 Kf7 37.Rb2 Qe6 38.Qxe6+ Kxe6 39.h3 gxh3+ 40.Kxh3 g5 41.g4
f4 42.Kg2 Kd6 43.Kf3 Kc5 44.Ke4 e6 45.e3 fxe3 46.fxe3 b4 47.d4+ Kc4 48.
Rc2+ Kb3 49.Rc6 Rb5 50.Kd3 Ka2 51.Ra6+ Kb1 52.Rxe6 b3 53.Rh6 b2 54.e4 Rb3+
55.Kc4 Re3 56.e5 Kc2 57.Rh2+ Kc1 58.Rh1+ Kd2 59.e6 Rxe6 60.Kb3 Rb6+ 61.Ka2
Kc2 62.Rh2+ Kc3 63.Kb1 Kxd4 64.Rf2 Rb5 1/2-1/2

[Event "13th PKWN Festival it"]
[Site "Lublin POL"]
[Date "1977.07.??"]
[Round "12"]
[White "Antunac, Goran"]
[WhiteElo "2450"]
[Black "Sydor, Andrzej"]
[BlackElo "2425"]
[Result "1/2-1/2"]
[EventDate "1977.07.14"]
[PlyCount "26"]

1.d4 Nf6 2.c4 e6 3.Nf3 b6 4.g3 Bb7 5.Bg2 Be7 6.O-O O-O 7.Nc3 Ne4 8.Qc2
Nxc3 9.Qxc3 d6 10.b3 Nd7 11.Ne1 Bxg2 12.Nxg2 Bf6 13.Bb2 e5 1/2-1/2

[Event "13th PKWN Festival it"]
[Site "Lublin POL"]
[Date "1977.07.??"]
[Round "12"]
[White "Lipski, Tadeusz"]
[WhiteElo "2325"]
[Black "Castro Rojas, Oscar Humberto"]
[BlackElo "2410"]
[Result "1-0"]
[EventDate "1977.07.14"]
[PlyCount "93"]

1.e4 c6 2.d4 d5 3.exd5 cxd5 4.c4 Nf6 5.Nc3 e6 6.Nf3 Be7 7.c5 O-O 8.Bd3 b6
9.b4 a5 10.Na4 Nbd7 11.a3 axb4 12.axb4 e5 13.dxe5 Ne4 14.Be3 bxc5 15.Nxc5
Rxa1 16.Qxa1 Ndxc5 17.bxc5 Bg4 18.Bxe4 dxe4 19.Nd4 Qd5 20.h3 Ra8 21.Qc3
Bd7 22.c6 Bc8 23.O-O Qxe5 24.Ne2 Qb5 25.Nd4 Qa4 26.Rc1 Bd6 27.g4 Be5 28.
Qc5 Bf6 29.Nf5 h5 30.Ne7+ Bxe7 31.Qxe7 Be6 32.c7 Rc8 33.gxh5 Qa5 34.Qg5
Qxg5+ 35.Bxg5 Bxh3 36.Bd8 Bg4 37.Rc5 f6 38.Kh2 Kf7 39.Kg3 Be6 40.Kf4 f5
41.Kg5 Ra8 42.Re5 Bc8 43.Be7 Be6 44.Bd6 Rg8 45.Ra5 Bc8 46.Be5 Ke6 47.Kg6
1-0

[Event "13th PKWN Festival it"]
[Site "Lublin POL"]
[Date "1977.07.??"]
[Round "12"]
[White "Martinovic, Slobodan"]
[WhiteElo "2415"]
[Black "Sznapik, Aleksander"]
[BlackElo "2405"]
[Result "1/2-1/2"]
[EventDate "1977.07.14"]
[PlyCount "27"]

1.e4 e5 2.Nf3 Nc6 3.Bb5 a6 4.Bxc6 dxc6 5.O-O f6 6.d4 exd4 7.Nxd4 c5 8.Nb3
Qxd1 9.Rxd1 Bd7 10.Bf4 O-O-O 11.Nc3 Nh6 12.Nd5 Bd6 13.Bxh6 gxh6 14.Nb6+
1/2-1/2

[Event "13th PKWN Festival it"]
[Site "Lublin POL"]
[Date "1977.07.??"]
[Round "12"]
[White "Savon, Vladimir"]
[WhiteElo "2540"]
[Black "Radev, Nikolai"]
[BlackElo "2430"]
[Result "1/2-1/2"]
[EventDate "1977.07.14"]
[PlyCount "23"]

1.e4 e5 2.Nf3 Nc6 3.Bb5 a6 4.Ba4 Nf6 5.O-O Be7 6.Bxc6 dxc6 7.Re1 Nd7 8.d4
exd4 9.Qxd4 O-O 10.Bf4 Nc5 11.Qxd8 Bxd8 12.Nc3 1/2-1/2

[Event "13th PKWN Festival it"]
[Site "Lublin POL"]
[Date "1977.07.??"]
[Round "12"]
[White "Witkowski, Stefan"]
[WhiteElo "2340"]
[Black "Panchenko, Alexander"]
[BlackElo "2435"]
[Result "1/2-1/2"]
[EventDate "1977.07.14"]
[PlyCount "33"]

1.d4 d5 2.Nf3 Nf6 3.Bf4 Bf5 4.e3 e6 5.c3 c6 6.Bd3 Bxd3 7.Qxd3 Bd6 8.Bxd6
Qxd6 9.O-O O-O 10.Nbd2 Nbd7 11.e4 dxe4 12.Nxe4 Nxe4 13.Qxe4 Qd5 14.Rfe1
Qxe4 15.Rxe4 Rfe8 16.Re2 Kf8 17.Kf1 1/2-1/2

[Event "13th PKWN Festival it"]
[Site "Lublin POL"]
[Date "1977.07.??"]
[Round "12"]
[White "Zinn, Lothar"]
[WhiteElo "2365"]
[Black "Doda, Zbigniew"]
[BlackElo "2375"]
[Result "0-1"]
[EventDate "1977.07.14"]
[PlyCount "60"]

1.e4 c5 2.Nf3 e6 3.c3 d5 4.e5 Nc6 5.d4 Bd7 6.Be2 f6 7.O-O fxe5 8.Nxe5 Nxe5
9.dxe5 Qc7 10.c4 d4 11.f4 Ne7 12.Nd2 Bc6 13.Bf3 Nf5 14.Ne4 Be7 15.Qd3 O-O
16.Bd2 Rab8 17.g4 Nh4 18.Bh1 b5 19.Rac1 bxc4 20.Qxc4 Bd5 21.Qxd4 cxd4 22.
Rxc7 Bd8 23.Rxa7 Rxb2 24.Bc1 Bb6 25.Bxb2 Bxa7 26.h3 Ng6 27.Bc1 Rc8 28.Bd2
Rc2 29.Rc1 Bxe4 30.Bxe4 d3+ 0-1

[Event "13th PKWN Festival it"]
[Site "Lublin POL"]
[Date "1977.07.??"]
[Round "13"]
[White "Doda, Zbigniew"]
[WhiteElo "2375"]
[Black "Savon, Vladimir"]
[BlackElo "2540"]
[Result "1/2-1/2"]
[EventDate "1977.07.14"]
[PlyCount "25"]

1.d4 d5 2.Nf3 Nf6 3.Bf4 Bf5 4.c4 c6 5.cxd5 cxd5 6.Nc3 e6 7.e3 Bb4 8.Bb5+
Nc6 9.O-O Bxc3 10.bxc3 O-O 11.Bxc6 bxc6 12.Ne5 Ne4 13.Nxc6 1/2-1/2

[Event "13th PKWN Festival it"]
[Site "Lublin POL"]
[Date "1977.07.??"]
[Round "13"]
[White "Lebredo Zaragoitia, Gerardo"]
[WhiteElo "2385"]
[Black "Lipski, Tadeusz"]
[BlackElo "2325"]
[Result "1-0"]
[EventDate "1977.07.14"]
[PlyCount "61"]

1.Nf3 c5 2.g3 g6 3.Bg2 Bg7 4.O-O Nc6 5.d3 Nf6 6.e4 O-O 7.Nbd2 Rb8 8.c3 d5
9.e5 Ng4 10.d4 cxd4 11.cxd4 Nh6 12.h3 Bf5 13.g4 Be6 14.Nb3 b6 15.Be3 Bxg4
16.hxg4 Nxg4 17.Bf4 e6 18.Bh3 Nh6 19.Qd2 Nf5 20.Bxf5 gxf5 21.Bh6 f6 22.Kh1
Qe8 23.Rg1 Qh5+ 24.Nh2 Rb7 25.Rac1 Nd8 26.Bxg7 Rxg7 27.Rxg7+ Kxg7 28.Rg1+
Kf7 29.exf6 Kxf6 30.Nc1 Nf7 31.Nd3 1-0

[Event "13th PKWN Festival it"]
[Site "Lublin POL"]
[Date "1977.07.??"]
[Round "13"]
[White "Panchenko, Alexander"]
[WhiteElo "2435"]
[Black "Antunac, Goran"]
[BlackElo "2450"]
[Result "1/2-1/2"]
[EventDate "1977.07.14"]
[PlyCount "53"]

1.e4 e5 2.Nf3 Nc6 3.Bb5 a6 4.Ba4 Nf6 5.O-O Be7 6.Re1 b5 7.Bb3 d6 8.c3 O-O
9.h3 Nb8 10.d4 Nbd7 11.Nbd2 Bb7 12.Bc2 Re8 13.a4 Bf8 14.b4 a5 15.bxa5 Rxa5
16.Rb1 Qa8 17.axb5 exd4 18.cxd4 Nxe4 19.Nxe4 Bxe4 20.Rxe4 Rxe4 21.Ng5 Rh4
22.g3 Rh6 23.Nxf7 Rxh3 24.Nh6+ Kh8 25.Nf7+ Kg8 26.Nh6+ Kh8 27.Nf7+ 1/2-1/2

[Event "13th PKWN Festival it"]
[Site "Lublin POL"]
[Date "1977.07.??"]
[Round "13"]
[White "Radev, Nikolai"]
[WhiteElo "2430"]
[Black "Marszalek, Rafal"]
[BlackElo "2335"]
[Result "1-0"]
[EventDate "1977.07.14"]
[PlyCount "59"]

1.e4 e5 2.Nf3 Nc6 3.Bb5 a6 4.Ba4 d6 5.O-O Bd7 6.c3 Nge7 7.d4 h6 8.Bb3 Ng6
9.Nbd2 Qf6 10.Bd5 O-O-O 11.b4 Nf4 12.Nc4 Bg4 13.Bxf4 Qxf4 14.Bxc6 bxc6 15.
Qd3 Bxf3 16.gxf3 h5 17.Rad1 exd4 18.cxd4 Rh6 19.d5 Qg5+ 20.Kh1 cxd5 21.
exd5 Rg6 22.Rg1 Qf6 23.Na5 Rxg1+ 24.Rxg1 Kd7 25.b5 Rb8 26.bxa6 Ra8 27.Re1
c6 28.Nxc6 g6 29.Qb3 Rc8 30.a7 1-0